00663pab a2200193 454500008004000000100003000040245009800070260000900168300001200177362000800189650001100197650003400208650002500242700003000267773003700297909001100334999001900345952010500364180718b2014 xxu||||| |||| 00| 0 eng d aNaoyuki Yoshino, Naoyuki  aAnalytical framework on credit risks for financing small and medium sized enterprises in Asia c2014 ap.1-21. aDec aCredit aAsia - Small scale industries aSmall scale industry aTaghizadeh-Hesary, Farhad aAsia Pacific Development Journal a109075 c109070d109070 00104070aIIPAbIIPAd2018-07-19hVolume no: 21, Issue no: 2pAR109535r2018-07-19w2018-07-19yAR